| 000 -LEADER |
| fixed length control field |
00691nam a22002177a 4500 |
| 005 - DATE AND TIME OF LATEST TRANSACTION |
| control field |
20251007114043.0 |
| 008 - FIXED-LENGTH DATA ELEMENTS--GENERAL INFORMATION |
| fixed length control field |
200406s2001 enka b 001 0 eng d |
| 020 ## - INTERNATIONAL STANDARD BOOK NUMBER |
| International Standard Book Number |
9780007111077 |
| Qualifying information |
(paperback) : |
| 020 ## - INTERNATIONAL STANDARD BOOK NUMBER |
| International Standard Book Number |
9780007947164 |
| Qualifying information |
paperback |
| 040 ## - CATALOGING SOURCE |
| Transcribing agency |
KH8 |
| 082 0# - DEWEY DECIMAL CLASSIFICATION NUMBER |
| Classification number |
599 RAB |
| Item number |
R114 |
| 100 1# - MAIN ENTRY--PERSONAL NAME |
| Personal name |
Rabe, Tish. |
| Relator term |
-1 |
| 245 10 - TITLE STATEMENT |
| Title |
Is a camel a mammal? / |
| Statement of responsibility, etc. |
by Tish Rabe ; illustrated by Jim Durk. |
| 300 ## - PHYSICAL DESCRIPTION |
| Extent |
44 pages : |
| Other physical details |
color illustrations ; |
| Dimensions |
23 cm. |
| 500 ## - GENERAL NOTE |
| General note |
Based on the characters created by Dr Seuss. |
| 500 ## - GENERAL NOTE |
| General note |
Includes index. |
| 650 ## - SUBJECT ADDED ENTRY--TOPICAL TERM |
| Source of heading or term |
Camel |
| Topical term or geographic name entry element |
Juvenile Fiction |
| 655 ## - INDEX TERM--GENRE/FORM |
| Source of term |
Juvenile Fiction |
| Genre/form data or focus term |
Juvenile Fiction |
| 700 ## - ADDED ENTRY--PERSONAL NAME |
| Personal name |
Durk,Jim |
| Relator term |
Illustrator |
| 942 ## - ADDED ENTRY ELEMENTS (KOHA) |
| Source of classification or shelving scheme |
|
| Koha item type |
Books - Fiction |